| 000 | 01019nam a2200313 4500 | ||
|---|---|---|---|
| 001 | 0000016952 | ||
| 003 | CO-CtgCURN | ||
| 005 | 20250329191019.0 | ||
| 007 | ta | ||
| 008 | 160627s1998 000 0 eng d | ||
| 020 | _a8425213991 | ||
| 040 |
_aCO-CtgCURN _bspa _ccoctgcurn |
||
| 082 | 0 |
_a724.91 _bG48l |
|
| 100 | 1 | _aGiurgola, Romaldo. | |
| 245 | 1 | 0 |
_aLouis I. Kahn / _cRomaldo Giurgola , traducciones Carola Kappelmacher , Graham Thomson. |
| 250 | _a6a ed. | ||
| 260 |
_aBarcelona : _bEditorial Gustavo Gili, _c1998. |
||
| 300 | _a208 p. | ||
| 336 | _2rdacontent | ||
| 337 |
_2rdamedia _asin mediacion _bn |
||
| 338 |
_2rdacarrier _avolumen _bnc |
||
| 500 | _aTexto bilingue : Espanol-Ingles. | ||
| 505 | 8 | _aLas viviendas.--El hombre.--Las instituciones.--Arquitectura | |
| 600 | 1 | 0 |
_aKahn, Louis Isidore _y1901-1974. |
| 700 | 1 |
_aKappelmacher, Carola, _eTraductor. |
|
| 908 | _a160627 | ||
| 942 |
_cBK _h724.91 _iG48l _2ddc |
||
| 999 |
_c11183 _d11183 |
||